|
|
|
|
| LEADER |
00000nas a2200000 a 4500 |
| 001 |
ssj0000492 |
| 003 |
WaSeSS |
| 005 |
20200512172242.0 |
| 006 |
m d |
| 007 |
cr n |
| 008 |
960105d19952008azumx p s 0 a0eng c |
| 010 |
|
|
|a 96664173
|z sn 95047150
|
| 022 |
|
|
|l 1087-2000
|y 1087-2000
|
| 035 |
|
|
|a (WaSeSS)ssj0000492
|
| 040 |
|
|
|a MSA
|b eng
|c MSA
|d FUG
|d NSD
|d OCL
|d DLC
|d OCL
|d IUL
|d CDS
|d OCLCQ
|d DLC
|d NLGGC
|d UQ1
|d TSU
|d NOC
|d U9S
|d EEM
|d OCLCQ
|d IUL
|d DLC
|d OCLCQ
|d OCL
|d OCLCF
|d GILDS
|d OCLCO
|d OCLCQ
|d CSA
|d OCLCO
|d HTM
|d OCLCO
|d NJT
|d WaSeSS
|
| 042 |
|
|
|a pcc
|a nsdp
|
| 050 |
0 |
0 |
|a GV711
|b .C576
|
| 082 |
0 |
0 |
|a 796/.077
|2 21
|
| 210 |
0 |
|
|a Coach athl. dir.
|
| 222 |
|
0 |
|a Coach and athletic director
|
| 245 |
0 |
0 |
|a Coach and athletic director
|h [electronic resource].
|
| 246 |
1 |
|
|i Title varies, <Dec. 2005->:
|a Scholastic coach and athletic director
|
| 246 |
1 |
7 |
|a Coach & athletic director
|
| 260 |
|
|
|a Jefferson City, MO :
|b Scholastic Inc.,
|c 1995-2008.
|
| 310 |
|
|
|a Ten no. a year (monthly Aug.-Apr.; bimonthly May/June)
|
| 362 |
1 |
|
|a Began with vol. 65, no. 4 (Nov. 1995); ceased with v. 78, no. 5 (Dec. 2008).
|
| 500 |
|
|
|a "The magazine for athletic leadership."
|
| 500 |
|
|
|a Title from cover.
|
| 506 |
|
|
|a License restrictions may limit access.
|
| 588 |
|
|
|a Latest issue consulted: Vol. 78, no. 5 (Dec. 2008).
|
| 650 |
|
0 |
|a Coaching (Athletics)
|v Periodicals.
|
| 650 |
|
0 |
|a Athletics
|v Periodicals.
|
| 650 |
|
0 |
|a Athletic directors
|v Periodicals.
|
| 650 |
|
0 |
|a School sports
|v Periodicals.
|
| 650 |
|
6 |
|a Sports athlétiques
|v Périodiques.
|
| 650 |
|
6 |
|a Sports scolaires
|v Périodiques.
|
| 650 |
|
6 |
|a Entraînement (Sports)
|v Périodiques.
|
| 650 |
|
7 |
|a Athletic directors.
|2 fast
|0 (OCoLC)fst00820107
|
| 650 |
|
7 |
|a Athletics.
|2 fast
|0 (OCoLC)fst00820127
|
| 650 |
|
7 |
|a Coaching (Athletics)
|2 fast
|0 (OCoLC)fst00865060
|
| 650 |
|
7 |
|a School sports.
|2 fast
|0 (OCoLC)fst01107817
|
| 650 |
1 |
7 |
|a Atletiek.
|2 gtt
|
| 650 |
|
7 |
|a Périodique électronique (Descripteur de forme)
|2 rasuqam
|
| 650 |
|
7 |
|a Ressource Internet (Descripteur de forme)
|2 rasuqam
|
| 650 |
|
7 |
|a Entraînement sportif.
|2 rasuqam
|
| 650 |
|
7 |
|a Entraîneur sportif.
|2 rasuqam
|
| 650 |
1 |
7 |
|a Sport scolaire.
|2 rasuqam
|
| 655 |
|
0 |
|a Electronic journals.
|
| 780 |
0 |
0 |
|t Scholastic coach and athletic director
|x 1077-5625
|w (DLC)sn 94001257
|w (OCoLC)30834945
|
| 785 |
0 |
0 |
|t Successful coach and athletic director
|x 2159-6565
|w (DLC) 2009227568
|w (OCoLC)436445540
|
| 850 |
|
|
|a DLC
|a FU
|
| 853 |
2 |
0 |
|8 1
|a v.
|b no.
|u 10
|v r
|i (year)
|j (month)
|w 10
|x 08
|y pm08,09,10,11,12,01,02,03,04 05/06
|
| 856 |
4 |
0 |
|z Full text available from Research Library: 11/01/1995 to 12/31/2008
|u https://search.proquest.com/publication/306
|
| 863 |
4 |
0 |
|8 1.1
|a 65-78
|b 4-5
|i 1995-2008
|j 11-12
|